00845nam a2200253 a 450000100100000000500170001000800410002702000150006804000250008308200180010810000410012624500460016726000320021330000210024549000300026665000270029665000310032373000430035483000390039791000070043604900090044395201220045299900170057400002270820200930021742.0101116s1996 sp 000 f spa d a8420482781 aDO-SdBNPbspacBNPHU aA863.4bC827s1 aCortázar, Julio,d1914-198491068810a62 modelo para armar /cJulio Cortázar. aMadrid :bAlfaguara,c1996. a300 p. ;c22 cm.1 aBiblioteca Cortázarv62 4aNovela argentina93941 4aLiteratura argentina9386002aSesenta y dos modelo para armar946675 0aBiblioteca Cortázar ;v62946676 aWM aBNGR 001054708MOaGRbGRcHDd2010-11-16iLF1l0oA863.4 C827sp22708-10r2020-06-25w2020-06-25y4ZPréstamo en sala c22205d22205